000 01525nam a2200265Ia 4500
999 _c43851
_d43851
001 10599
003 GE_BSU
005 20260320123013.0
008 181216s2011||||ge |||||||||||||| ||geo||
020 _a9789941132254
040 _cGE_BSU
041 _ageo
080 _a556(075.8) კ-41
100 _aკერესელიძე, დავით
_99318
245 _aზოგადი ჰიდროლოგია : ხმელეთის წყლების ჰიდროლოგია :
_b[სახელმძღვ.] /
_cდავით კერესელიძე, ვაჟა ტრაპაიძე, გიორგი ბრეგვაძე; რედ. ზურაბ სეფერთელაძე; ივ. ჯავახიშვილის სახ. თსუ.
264 _aთბილისი :
_bთბილ. უნ-ტის გამ-ბა,
_c2011.
300 _a222 გვ;
_bნახ., ცხრ. ;
_c24 სმ.
504 _aბიბლიოგრ.: გვ. 218-220.
653 _aზოგადი ჰიდროლოგია,ხმელეთის წყლების ჰიდროლოგია.სახელმძღვ.
700 _aტრაპაიძე, ვაჟა
_e ავტორი
_927167
700 _aბრეგვაძე, გიორგი
_eავტორი
_927168
700 _aსეფერთელაძე, ზურაბ
_eრედაქტორი
_910191
710 _aთსუ.
_927169
942 _cBK
_2udc